An Album of Fluid Motion (Record no. 60824)

000 -LEADER
fixed length control field 00634nam a22001937a 4500
003 - CONTROL NUMBER IDENTIFIER
control field NUST-PNEC
005 - DATE AND TIME OF LATEST TRANSACTION
control field 20170116180708.0
008 - FIXED-LENGTH DATA ELEMENTS--GENERAL INFORMATION
fixed length control field 140930b xxu||||| |||| 00| 0 eng d
020 ## - INTERNATIONAL STANDARD BOOK NUMBER
International Standard Book Number 0915760029
040 ## - CATALOGING SOURCE
Transcribing agency PNEC
082 ## - DEWEY DECIMAL CLASSIFICATION NUMBER
Classification number 532.05 DYK
100 ## - MAIN ENTRY--PERSONAL NAME
9 (RLIN) 437
Personal name Dyke, Milton Van
245 ## - TITLE STATEMENT
Title An Album of Fluid Motion
Statement of responsibility, etc. Milton Van Dyke
260 ## - PUBLICATION, DISTRIBUTION, ETC.
Place of publication, distribution, etc. California
Name of publisher, distributor, etc. The Parabolic Press
Date of publication, distribution, etc. c1982.
300 ## - PHYSICAL DESCRIPTION
Extent 176 p. :
Other physical details il. ;
Dimensions 29 cm.
500 ## - GENERAL NOTE
General note Includes Index http://www.amazon.com/Album-Fluid-Motion-Milton-Dyke/dp/0915760029/ref=sr_1_1?s=books&ie=UTF8&qid=1412066269&sr=1-1&keywords=0915760029
650 ## - SUBJECT ADDED ENTRY--TOPICAL TERM
General subdivision ME
942 ## - ADDED ENTRY ELEMENTS (KOHA)
Source of classification or shelving scheme
Koha item type Book
Holdings
Withdrawn status Lost status Source of classification or shelving scheme Damaged status Not for loan Permanent Location Current Location Shelving location Date acquired Source of acquisition Total Checkouts Full call number Barcode Date last seen Price effective from Koha item type
          Pakistan Navy Engineering College (PNEC) Pakistan Navy Engineering College (PNEC) Reference   Donated   532.05 DYK PNECLIB-031457 09/30/2014   Book
© 2023 Central Library, National University of Sciences and Technology. All Rights Reserved.